| 000 | 00834cab a2200277 4500 | ||
|---|---|---|---|
| 001 | ABS55685 | ||
| 008 | 090401t1996 xxu||||| |||| 00| 0 eng d | ||
| 035 | _a(Sirsi) u18030 | ||
| 041 | _aeng | ||
| 100 | _aHilson, C. | ||
| 245 | _aDon`t rush the regs | ||
| 260 | _c1996 | ||
| 350 | _a0 | ||
| 490 |
_aThe Waste Manager _vJuly/August 1996, 10-11(2) |
||
| 520 | _aReviews the Special Waste Regulations 1996 in force from 1 September 1996. DOE Circular 6/96 provides guidance on implementing them. | ||
| 650 | _aBUSINESS RATES | ||
| 650 | _aDOE CIRCULAR 06/1996 | ||
| 650 | _aEC DIRECTIVE 91/689 | ||
| 650 | _aHAZARDOUS WASTES | ||
| 650 | _aLANDFILL TAX | ||
| 650 | _aRATEABLE VALUES | ||
| 650 | _aSPECIAL WASTE REGULATIONS 1996 | ||
| 690 | _aENVIRONMENTAL AND LAND CONSULTANCY | ||
| 942 | _n0 | ||
| 948 | _c04/03/1997 | ||
| 999 |
_c11955 _d11955 |
||